<?xml version="1.0" encoding="UTF-8"?>
<record
    xmlns:xsi="http://www.w3.org/2001/XMLSchema-instance"
    xsi:schemaLocation="http://www.loc.gov/MARC21/slim http://www.loc.gov/standards/marcxml/schema/MARC21slim.xsd"
    xmlns="http://www.loc.gov/MARC21/slim">

  <leader>00846nam a2200253 i 4500</leader>
  <controlfield tag="001">IT\ICCU\TO0\1509986</controlfield>
  <controlfield tag="003">ItRI</controlfield>
  <controlfield tag="005">20260308212814.0</controlfield>
  <controlfield tag="008">060516s2006    it ||||||    ||||| |||||c</controlfield>
  <datafield tag="015" ind1=" " ind2=" ">
    <subfield code="2">IT</subfield>
    <subfield code="a">2007-4444</subfield>
  </datafield>
  <datafield tag="020" ind1=" " ind2=" ">
    <subfield code="a">8804548851</subfield>
  </datafield>
  <datafield tag="040" ind1=" " ind2=" ">
    <subfield code="b">ita</subfield>
    <subfield code="c">Centro di documentazione Omologie (CIG Arcigay Milano) </subfield>
  </datafield>
  <datafield tag="041" ind1=" " ind2="7">
    <subfield code="a">ita</subfield>
    <subfield code="2">ISO-639-2</subfield>
  </datafield>
  <datafield tag="082" ind1=" " ind2=" ">
    <subfield code="a">823.92</subfield>
    <subfield code="2">21</subfield>
  </datafield>
  <datafield tag="100" ind1="1" ind2=" ">
    <subfield code="a">Stace, Wesley</subfield>
    <subfield code="0">IT\ICCU\TO0V\571235</subfield>
    <subfield code="4">aut</subfield>
  </datafield>
  <datafield tag="240" ind1="1" ind2="0">
    <subfield code="a">Misfortune.</subfield>
    <subfield code="9">Stace, Wesley</subfield>
  </datafield>
  <datafield tag="245" ind1="1" ind2="3">
    <subfield code="a">La ballata di Miss Fortune /</subfield>
    <subfield code="c">Wesley Stace ; traduzione di Katia Bagnoli e Maurizio Bartocci.</subfield>
  </datafield>
  <datafield tag="260" ind1=" " ind2=" ">
    <subfield code="a">Milano :</subfield>
    <subfield code="b">Mondadori,</subfield>
    <subfield code="c">2006</subfield>
  </datafield>
  <datafield tag="300" ind1=" " ind2=" ">
    <subfield code="a">547 p. ;</subfield>
    <subfield code="c">21 cm.</subfield>
  </datafield>
  <datafield tag="700" ind1="1" ind2=" ">
    <subfield code="a">Bagnoli, Katia</subfield>
    <subfield code="0">IT\ICCU\CFIV\054895</subfield>
  </datafield>
  <datafield tag="700" ind1="1" ind2=" ">
    <subfield code="a">Bartocci, Maurizio</subfield>
    <subfield code="0">IT\ICCU\TO0V\259783</subfield>
  </datafield>
  <datafield tag="830" ind1=" " ind2="0">
    <subfield code="a">Strade blu</subfield>
    <subfield code="0">IT\ICCU\RAV\0329587</subfield>
  </datafield>
  <datafield tag="942" ind1=" " ind2=" ">
    <subfield code="2">ddc</subfield>
    <subfield code="c">BK</subfield>
    <subfield code="n">0</subfield>
  </datafield>
  <datafield tag="999" ind1=" " ind2=" ">
    <subfield code="c">28896</subfield>
    <subfield code="d">28896</subfield>
  </datafield>
  <datafield tag="952" ind1=" " ind2=" ">
    <subfield code="0">0</subfield>
    <subfield code="1">0</subfield>
    <subfield code="4">0</subfield>
    <subfield code="7">0</subfield>
    <subfield code="a">BO</subfield>
    <subfield code="b">BO</subfield>
    <subfield code="d">2026-01-15</subfield>
    <subfield code="i">12249</subfield>
    <subfield code="l">0</subfield>
    <subfield code="o">DOC 823.92 STA</subfield>
    <subfield code="p">BO12249</subfield>
    <subfield code="r">2026-01-15 23:18:51</subfield>
    <subfield code="w">2026-01-15</subfield>
    <subfield code="y">BK</subfield>
    <subfield code="z">1 v.</subfield>
  </datafield>
  <datafield tag="952" ind1=" " ind2=" ">
    <subfield code="0">0</subfield>
    <subfield code="1">0</subfield>
    <subfield code="2">ddc</subfield>
    <subfield code="4">0</subfield>
    <subfield code="7">0</subfield>
    <subfield code="a">MI</subfield>
    <subfield code="b">MI</subfield>
    <subfield code="d">2026-03-08</subfield>
    <subfield code="l">0</subfield>
    <subfield code="o">823 STA BAL</subfield>
    <subfield code="p">11799</subfield>
    <subfield code="r">2026-03-08 18:17:11</subfield>
    <subfield code="w">2026-03-08</subfield>
    <subfield code="y">BK</subfield>
  </datafield>
</record>
